| 000 | 01010nam a2200229 a 4500 | ||
|---|---|---|---|
| 001 | 41620 | ||
| 003 | BD-RjUL | ||
| 005 | 20211209053425.0 | ||
| 008 | 160602s1991 bg ||||| |||| 00| 0 ben d | ||
| 020 |
_a9840725262 _c: TK 500.00 |
||
| 035 | _a(BD-RjUL) 41738 | ||
| 040 |
_aBD-RjUL _bben _cBD-RjUL |
||
| 041 | _aben | ||
| 082 |
_223 _a016. 9144 _bEKU 1991 |
||
| 245 | 0 | 0 |
_aএকুশের সংকলন : গ্রন্থপঞ্জি : _b১৯৫৩-১৯৮৯ / _cআমিরুল মোমেনীন সংকলক ও সম্পাদিত |
| 260 |
_aঢাকা : _bবাংলা একডেমী, _c১৯৯১ |
||
| 300 |
_a[১৪], ১১৬৩ পৃ. ; _c২২ সেমি. |
||
| 650 |
_aগ্রন্থপঞ্জি _xবাংলা সাহিত্য _9127128 |
||
| 650 |
_aBibliography _xBengali Literature _9127129 |
||
| 700 |
_aমোমেনীন, আমিরুল, সংকলক ও সম্পাদক _9125918 |
||
| 942 |
_2ddc _cBK |
||
| 999 |
_c41620 _d41620 |
||